000 00288nam a2200121Ia 4500
005 20251222154354.0
008 251222s9999||||xx |||||||||||||| ||spa||
020 _a84-261-2503-4
082 _a868.9/M26
100 _a"Martín Vigil, JoséLuis"
245 0 _aIba para figura
942 _cLIB
999 _c35040
_d35040